American Geography General Knowledge #2 - Statistics

General Stats
  • This quiz has been taken 152 times
  • The average score is 3 of 15
Answer Stats
Question Answer % Correct
Which One of These is Not a NYC Borough: Rockaway, Manhattan, Queens, Staten Island? Rockaway
81%
What Is the Capital of Alaska? Juneau
71%
Which of These Cities is the Smallest (by Population): Upland, CA; Los Angeles, CA, Tucson, AZ, Zanesville, OH Zanesville
64%
Where Is Apple Based? Cupertino, CA
27%
What Is the 2nd Smallest State by Population Vermont
26%
What Does TriBeCa Stand For? Triangle Below Canal Street
14%
U.S. Highway 20 Starts in Massachusetts. Where Does It End? Oregon
12%
What Is the Most Common Street Name in the USA? Second Street
12%
Where is 17606, The Oldest Zip Code in the USA? Lancaster, PA
11%
From What Interstate Was the Last Stoplight Removed? I-90
7%
What Street is the Chrysler Building in New York On? Lexington Ave
7%
Who Was the First President to Have a Mustache? Grant
6%
In What City is 79936, the Most Populated Zip Code in the Country? El Paso
4%
What Does EPCOT Stand For? Experimental Prototype Community of Tomorrow
3%
What Is the Biggest "D" City in Massachusetts By Population? Dartmouth
2%
No matching quizzes found
Score Distribution
Percent of People with Each Score
Percentile by Number Answered
Your Score History
You have not taken this quiz